• 首页
  • 本馆介绍
  • 公告通知
  • 最新文献
  • 馆藏检索
  • 电子资源
  • 读者导购
  • 参考咨询
  • 我的图书馆
  • 登录
  • 详细信息显示
  • 放入我的书架
  • 预约/预借图书
  • 作者相关作品
  • 分类相关作品
  • 丛书相关作品
  • 出版社相关作品

书目信息

  • 表格格式
  • 工作单格式
  • 卡片格式
题名:
中国共产党章程
    
 
作者:
分册:  
出版信息: 北京   人民出版社  1997
页数: 29页
开本: 20cm
丛书名:
单 册:
中图分类: D21
科图分类: 33.121
主题词: 党章-中国共产党
电子资源:
ISBN: 7-01-002710-2
000 00563nam0 2200217 45
001 0198026375
005 20070730152419.84
010    @a7-01-002710-2@dCNY1.60
100    @a19980511d1997 em y0chiy0121 ea
101 0  @achi
102    @aCN@b110000
105    @ay z 000yy
200 10 @a中国共产党章程@Azhong guo gong chan dang zhang cheng
210    @a北京@c人民出版社@d1997
215    @a29页@d20cm
601 02 @a中国共产党-党章
606    @a党章-中国共产党
690    @aD21@v3
692    @a33.121@v2
801  0 @aCN@bTSSF@c20070730
905    @a10447@dD21@e173
    
    中国共产党章程.-北京:人民出版社,1997
    29页;20cm
    
    
    ISBN 7-01-002710-2:CNY1.60
    
●
相关链接 在E读中查询图书 在五车中查询图书 在当当中查询图书 在豆瓣中查询图书


正题名:中国共产党章程     索取号:D21/173         预约/预借

序号 登录号 条形码 馆藏地/架位号 状态 备注
1 0786572   207865728   第一样本阅览室/ [索取号:D21/173] 在馆    
唐山师范学院图书馆 欢迎您!
大连网信软件有限公司© 版权所有